Economic incentives for stormwater control

Na minha lista:
Detalhes bibliográficos
Outros Autores: Thurston, Hale W.
Formato: Livro
Idioma:inglês
Publicado em: Boca Raton CRC Press 2012
Assuntos:
Tags: Adicionar Tag
Sem tags, seja o primeiro a adicionar uma tag!

MARC

LEADER 00000nam a2200000 4500
001 0169979
005 20250225120803.1
020 |a 978-1-4398-4561-5 
041 0 |a eng 
044 |a US 
245 1 0 |a Economic incentives for stormwater control  |c edited by Hale W. Thurston 
264 1 |a Boca Raton  |b CRC Press  |c 2012 
300 |a online [x, 232 p.] 
500 |a EBSCO e-books Economics Collection 2012 
610 2 0 |a hospodárstvo odpadové 
610 2 0 |a environmentalistika 
610 2 0 |a ekonomika environmentálna 
610 2 0 |a stimuly ekonomické 
700 1 |a Thurston, Hale W.